000 00339 a2200157 4500
001 47203
020 _a9780794411220
040 _cAnchieta - Aquarius
100 _aWHO, Guess
240 1 0 _aOcean friends
_lIng
245 1 0 _aOcean friends
300 _a12p.
362 0 _a2010
650 4 _aLiteratura infantil em inglês
942 _cBK
999 _c47203
_d47203